|
|
|
|
| LEADER |
02464nam a2200625 a 4500 |
| 001 |
nkc20122342881 |
| 003 |
CZ PrNK |
| 005 |
20120329135507.0 |
| 007 |
ta |
| 008 |
120215s2011 xr acfhe 000 dccze |
| 020 |
|
|
|a 978-80-7258-377-5
|q (brož.)
|
| 040 |
|
|
|a ABA001
|b cze
|
| 041 |
1 |
|
|a cze
|h eng
|
| 043 |
|
|
|a e-uk-en
|a e-xr---
|b e-xr-pg
|2 czenas
|
| 045 |
|
|
|a u0u0
|a y1y1
|
| 072 |
|
7 |
|a 792
|x Divadlo. Divadelní představení
|2 Konspekt
|9 3
|
| 080 |
|
|
|a 792.2
|2 MRF
|
| 080 |
|
|
|a 821.111-2
|2 MRF
|
| 080 |
|
|
|a (437.311)
|2 MRF
|
| 080 |
|
|
|a (083.97)
|2 MRF
|
| 080 |
|
|
|a (0:82-1)
|2 MRF
|
| 245 |
0 |
0 |
|a William Shakespeare, Král Lear =
|b King Lear : [premiéra 10. a 11. listopadu 2011 v Národním divadle : činohra /
|c program připravila Iva Klestilová]
|
| 246 |
3 |
0 |
|a King Lear
|
| 246 |
3 |
0 |
|a Král Lear
|
| 246 |
3 |
1 |
|a William Shakespeare, King Lear
|
| 260 |
|
|
|a Praha :
|b Národní divadlo,
|c 2011
|
| 300 |
|
|
|a 253 s., [16] s. obr. příl. :
|b il. (některé barev.), portréty, faksim. ;
|c 16 cm +
|e obsazení I. a II. premiéry (2 složené l.)
|
| 500 |
|
|
|a Část. přeloženo z angličtiny
|
| 504 |
|
|
|a Obsahuje bibliografické odkazy
|
| 505 |
2 |
|
|a King Lear / William Shakespeare ; přeložil Milan Lukeš
|
| 610 |
2 |
7 |
|a Národní divadlo v Praze
|7 kn20010709463
|2 czenas
|
| 648 |
|
7 |
|a 17. století
|7 ch460555
|2 czenas
|
| 648 |
|
4 |
|a 1605-1606
|
| 648 |
|
7 |
|a 2011-2020
|7 ch460589
|2 czenas
|
| 648 |
|
7 |
|a 2011
|7 ch967313
|2 czenas
|
| 650 |
0 |
7 |
|a anglické drama
|7 ph114054
|y 17. století
|2 czenas
|
| 650 |
0 |
7 |
|a činohry
|7 ph128179
|z Česko
|y 2011-2020
|2 czenas
|
| 650 |
0 |
9 |
|a English drama
|y 17th century
|2 eczenas
|
| 650 |
0 |
9 |
|a drama stages
|z Czechia
|y 2011-2020
|2 eczenas
|
| 651 |
|
7 |
|a Praha (Česko)
|7 ge118011
|2 czenas
|
| 651 |
|
9 |
|a Prague (Czechia)
|2 eczenas
|
| 655 |
|
7 |
|a divadelní programy
|7 fd132033
|2 czenas
|
| 655 |
|
7 |
|a anglická dramata
|7 fd131806
|2 czenas
|
| 655 |
|
9 |
|a playbills
|2 eczenas
|
| 655 |
|
9 |
|a English drama
|2 eczenas
|
| 700 |
1 |
|
|a Klestilová, Iva,
|d 1964-
|7 ola200207411
|4 edt
|
| 700 |
1 |
|
|a Lukeš, Milan,
|d 1933-2007
|7 jk01072633
|4 trl
|
| 700 |
1 |
2 |
|a Shakespeare, William,
|d 1564-1616.
|t King Lear.
|l Česky
|7 aun2006373433
|
| 710 |
2 |
|
|a Národní divadlo v Praze.
|b Činohra
|7 kn20010709462
|
| 910 |
2 |
|
|a BOA001
|b 1-1282.107
|
| 928 |
9 |
|
|a Národní divadlo v Praze
|
| 990 |
|
|
|a BK
|
| 995 |
|
|
|a 11
|
| 991 |
|
|
|b 201203
|c NOV
|e n
|
| 996 |
6 |
|
|b 2610503666
|c 1-1282.107
|l MZK
|r Sklad / do 1 hodiny
|n 2
|p p.v.
|w 001229605
|u 000010
|a 1
|e BOA001
|j MZK50
|s P
|